Cardiología
Kaydedildi:
| Yazar: | |
|---|---|
| Materyal Türü: | Kitap |
| Dil: | İspanyolca |
| Baskı/Yayın Bilgisi: |
Medellín
Corporación Para Investigaciones Biológicas
1992
|
| Edisyon: | 4a. ed |
| Seri Bilgileri: | Colección Fundamentos de Medicina
|
| Konular: | |
| Etiketler: |
Etiketle
Etiket eklenmemiş, İlk siz ekleyin!
|
MARC
| LEADER | 00000nam a2200000 a 4500 | ||
|---|---|---|---|
| 001 | UCQ9005 | ||
| 003 | CL-VaPUC | ||
| 008 | 981218e19920000CK |||||||||||||||||spa|d | ||
| 082 | 0 | 4 | |a 616.12 |b MON |2 21 |
| 100 | |a Montoya Toro, Mario |e autor |9 423405 | ||
| 245 | 1 | 0 | |a Cardiología |
| 250 | |a 4a. ed | ||
| 300 | |a 505 p | ||
| 942 | |c BK | ||
| 945 | |d 19981218 00:00:00 |a aarredon | ||
| 260 | |a Medellín |b Corporación Para Investigaciones Biológicas |c 1992 | ||
| 650 | 7 | |a ENFERMEDADES DEL CORAZON |2 CL-VaPUC |9 351611 | |
| 650 | 7 | |a ENFERMEDADES CARDIOVASCULARES |2 CL-VaPUC |9 307383 | |
| 650 | 7 | |a CARDIOLOGIA |2 CL-VaPUC |9 311727 | |
| 650 | 7 | |a ELECTROCARDIOGRAFIA |2 CL-VaPUC |9 344741 | |
| 650 | 0 | |a Corazón |9 343795 | |
| 650 | 7 | |a CARDIOPATIAS |2 CL-VaPUC |9 307381 | |
| 650 | 7 | |a HIPERTENSION ARTERIAL |2 CL-VaPUC |9 423406 | |
| 650 | 7 | |a ELECTROFISIOLOGIA |2 CL-VaPUC |9 351410 | |
| 650 | 7 | |a TUMORES |2 CL-VaPUC |9 415301 | |
| 650 | 7 | |a DIAGNOSTICO |2 CL-VaPUC |9 269639 | |
| 650 | 7 | |a TRATAMIENTO |2 CL-VaPUC |9 393927 | |
| 583 | |a last modification |c 19981218 00:00:00 |k Rodrigo Vera | ||
| 490 | 0 | |a Colección Fundamentos de Medicina | |
| 999 | |c 278167 |d 278165 | ||
| 952 | |0 0 |1 0 |4 0 |6 616_120000000000000_MON_1992 |7 0 |8 A |9 316576 |a BIBCUR |b BIBCUR |d 2019-11-20 |i 3492745 |o 616.12 MON 1992 |p 3492745 |r 2025-04-22 |w 2019-11-20 |y BK |k KIN | ||